| 000 | 00483cam a2200169 4500 | ||
|---|---|---|---|
| 001 | D14343 | ||
| 008 | 090401t xxu||||| |||| 00| 0 eng d | ||
| 035 | _a(Sirsi) u94708 | ||
| 041 | _aeng | ||
| 100 | _aWalford, Edward | ||
| 245 | _aOld and new London: a narrative of its history; its people, and its places. VolumeV: The Western and Northern Suburbs | ||
| 260 |
_aLondon _bCassell Petter and Galpin _cnd |
||
| 350 | _a0 | ||
| 520 | _aShelf 112 | ||
| 942 | _n0 | ||
| 948 | _c04/03/1997 | ||
| 999 |
_c98137 _d98137 |
||